Imran Khan : (Record no. 15371)
[ view plain ]
| 000 -LEADER | |
|---|---|
| fixed length control field | 01182cam a2200313 i 4500 |
| 001 - CONTROL NUMBER | |
| control field | 16014842 |
| 005 - DATE AND TIME OF LATEST TRANSACTION | |
| control field | 20170105102916.0 |
| 008 - FIXED-LENGTH DATA ELEMENTS--GENERAL INFORMATION | |
| fixed length control field | 091120t20092009enkaf b 001 0beng |
| 010 ## - LIBRARY OF CONGRESS CONTROL NUMBER | |
| LC control number | 2009305595 |
| 020 ## - INTERNATIONAL STANDARD BOOK NUMBER | |
| International Standard Book Number | 9780007353378 |
| 025 ## - OVERSEAS ACQUISITION NUMBER | |
| Overseas acquisition number | I-E-2009-305595; 66-09 |
| 035 ## - SYSTEM CONTROL NUMBER | |
| System control number | (IN-NdUBS) 2009305595 |
| 037 ## - SOURCE OF ACQUISITION | |
| Source of stock number/acquisition | Library of Congress -- New Delhi Overseas Office |
| Terms of availability | Rs499.00 |
| 040 ## - CATALOGING SOURCE | |
| Original cataloging agency | DLC |
| Language of cataloging | eng |
| Transcribing agency | DLC |
| Modifying agency | DLC |
| Description conventions | rda |
| 042 ## - AUTHENTICATION CODE | |
| Authentication code | lcode |
| -- | pcc |
| 043 ## - GEOGRAPHIC AREA CODE | |
| Geographic area code | a-pk--- |
| 050 00 - LIBRARY OF CONGRESS CALL NUMBER | |
| Classification number | GV915.K54 |
| Item number | S26 2009 |
| 100 1# - MAIN ENTRY--PERSONAL NAME | |
| Personal name | Sandford, Christopher, |
| Dates associated with a name | 1956- |
| 245 10 - TITLE STATEMENT | |
| Title | Imran Khan : |
| Remainder of title | the cricketer, the celebrity, the politician : the biography / |
| Statement of responsibility, etc. | Christopher Sandford. |
| 260 ## - PUBLICATION, DISTRIBUTION, ETC. | |
| Place of publication, distribution, etc. | London : |
| Name of publisher, distributor, etc. | HarperCollins Publishers, |
| Date of publication, distribution, etc. | 2009, ©2009. |
| 300 ## - PHYSICAL DESCRIPTION | |
| Extent | xiii, 402 pages, 8 unnumbered pages of plates : |
| Other physical details | illustrations ; |
| Dimensions | 25 cm |
| 504 ## - BIBLIOGRAPHY, ETC. NOTE | |
| Bibliography, etc. note | Includes bibliographical references (page 379) and index. |
| 600 10 - SUBJECT ADDED ENTRY--PERSONAL NAME | |
| Personal name | Khan, Imran, |
| Dates associated with a name | 1952- |
| 650 #0 - SUBJECT ADDED ENTRY--TOPICAL TERM | |
| Topical term or geographic name entry element | Cricket captains |
| Geographic subdivision | Pakistan |
| Form subdivision | Biography. |
| 650 #0 - SUBJECT ADDED ENTRY--TOPICAL TERM | |
| Topical term or geographic name entry element | Politicians |
| Geographic subdivision | Pakistan |
| Form subdivision | Biography. |
| 906 ## - LOCAL DATA ELEMENT F, LDF (RLIN) | |
| a | 7 |
| b | cbc |
| c | origode |
| d | 3 |
| e | ncip |
| f | 20 |
| g | y-gencatlg |
| 942 ## - ADDED ENTRY ELEMENTS (KOHA) | |
| Source of classification or shelving scheme | |
| Koha item type | Book |
| Withdrawn status | Lost status | Damaged status | Not for loan | Collection code | Permanent Location | Current Location | Shelving location | Date acquired | Total Checkouts | Total Renewals | Full call number | Barcode | Date last seen | Date last checked out | Price effective from | Koha item type |
|---|---|---|---|---|---|---|---|---|---|---|---|---|---|---|---|---|
| Centre for International Peace & Stability (CIPS) | Centre for International Peace & Stability (CIPS) | General Stacks | 10/02/2013 | 1 | 2 | 796.358092 SAN 2009 | CIPS0002388 | 11/28/2023 | 09/18/2023 | 11/28/2013 | Book |
